GHAI ESSENTIAL PEDIATRICS (Record no. 33752)

MARC details
000 -LEADER
fixed length control field 00340nam a22001577a 4500
003 - CONTROL NUMBER IDENTIFIER
control field SGT
020 ## - INTERNATIONAL STANDARD BOOK NUMBER
International Standard Book Number 9789354665073
082 ## - DEWEY DECIMAL CLASSIFICATION NUMBER
Classification number 618.92
Item number G25P
100 ## - MAIN ENTRY--PERSONAL NAME
Personal name PAUL, VINOD K.
245 ## - TITLE STATEMENT
Title GHAI ESSENTIAL PEDIATRICS
250 ## - EDITION STATEMENT
Edition statement 10TH
260 ## - PUBLICATION, DISTRIBUTION, ETC. (IMPRINT)
Place of publication, distribution, etc INDIA
Name of publisher, distributor, etc JAYPEE PUB
Year of Publication 2025
300 ## - PAGE DESCRIPTION
No. of Pages 884
650 ## - SUBJECT ADDED ENTRY--TOPICAL TERM
Topical term or geographic name as entry element PEDIATRICS
942 ## - ADDED ENTRY ELEMENTS (KOHA)
Source of classification or shelving scheme Dewey Decimal Classification
Koha item type Books
Holdings
Withdrawn status Lost status Source of classification or shelving scheme Damaged status Not for loan Collection code Home library Current library Shelving location Date acquired Vendor Name Cost, normal purchase price SGTU Bill Number Full call number Accession No. (Barcode) Date last seen Bill Date Koha item type Total Checkouts Date last borrowed
    Dewey Decimal Classification   Not For Loan MEDICAL SGT Medical Library SGT Medical Library Reference Book 29/11/2025 ABC DELHI 1495.00 SGTU 22053 618.92 G25P FM16161 29/01/2026 29/11/2025 Books    
    Dewey Decimal Classification     MEDICAL SGT Medical Library SGT Medical Library Text Book 29/11/2025 ABC DELHI 1495.00 SGTU 22053 618.92 G25P FM16162 29/01/2026 29/11/2025 Books    
    Dewey Decimal Classification     MEDICAL SGT Medical Library SGT Medical Library Text Book 29/11/2025 ABC DELHI 1495.00 SGTU 22053 618.92 G25P FM16163 29/01/2026 29/11/2025 Books    
    Dewey Decimal Classification     MEDICAL SGT Medical Library SGT Medical Library Text Book 29/11/2025 ABC DELHI 1495.00 SGTU 22053 618.92 G25P FM16164 14/05/2026 29/11/2025 Books 5 30/04/2026
    Dewey Decimal Classification     MEDICAL SGT Medical Library SGT Medical Library Text Book 29/11/2025 ABC DELHI 1495.00 SGTU 22053 618.92 G25P FM16165 14/05/2026 29/11/2025 Books 3 28/04/2026